Fr. Conceicao Rodrigues College of Engineering

Teach yourself Oracle 8 Database development in 21 days (Record no. 17813)

MARC details
000 -LEADER
fixed length control field 00300nam a2200133Ia 4500
100 ## - MAIN ENTRY--PERSONAL NAME
Personal name Lockman/ David
245 ## - TITLE STATEMENT
Title Teach yourself Oracle 8 Database development in 21 days
260 ## - PUBLICATION, DISTRIBUTION, ETC.
Name of publisher, distributor, etc. Techmedia
Place of publication, distribution, etc. Delhi
Date of publication, distribution, etc. 1997
300 ## - PHYSICAL DESCRIPTION
Extent 665
546 ## - LANGUAGE NOTE
Language note ENGLISH
654 ## - SUBJECT ADDED ENTRY--FACETED TOPICAL TERMS
Focus term C
942 ## - ADDED ENTRY ELEMENTS (KOHA)
Koha item type BOOK
Holdings
Withdrawn status Lost status Damaged status Not for loan Collection Home library Current library Date acquired Total Checkouts Full call number Barcode Date last seen Price effective from Koha item type Total Renewals Date due Date last checked out
        CRC Fr. Agnel's C.Rodrigues College of Engineering Fr. Agnel's C.Rodrigues College of Engineering 17/03/2023   10180 17/03/2023 17/03/2023 BOOK      
        CRC Fr. Agnel's C.Rodrigues College of Engineering Fr. Agnel's C.Rodrigues College of Engineering 17/03/2023   10181 17/03/2023 17/03/2023 BOOK      
        CRC Fr. Agnel's C.Rodrigues College of Engineering Fr. Agnel's C.Rodrigues- College of Engineering 17/03/2023 1 10182 10/10/2023 17/03/2023 BOOK 1 29/10/2024 10/10/2023